000 00794nam a22002537a 4500
001 BR8502672
003 BR-BrBNA
005 20230928092202.0
007 ta
008 230509b bl.||||| |||| 00| 0 por d
040 _aBR-BrBNA
_bpor
_cBiblioteca Nacional de Agricultura
041 _a(Por)
072 _aK10
_b/G514
090 _ K10 BR8502672
110 1 _aInstituto Brasileiro de Desenvolvimento Florestal, Brasilia, DF (Brasil). Depto. de Economia Florestal
_95731
245 1 _aInventario florestal da gleba Goncalves Dias, Porto Velho/Rondonia. v. 3/1 inventario florestal
260 3 _aBrasilia, DF (Brasil):
_c1985.
300 _a304 p.
500 _a24 ref.
650 _aINVENTARIO FLORESTAL
650 _aRONDONIA
909 _a202309
_bLucia
_c55
_dLucia Elande
942 _cBK
999 _c37573
_d37573